000 01451nam a2200313 c 4500
999 _c152872
_d152872
003 BLK
005 20221205085645.0
008 180410b bul|||||r ||||||| ||bul||
010 _aKNG00159391000
040 _aBLK
041 _aBUL
_cBUL
080 _aРуска литература
_b821.161.1
_x-32
_z821.161.1-32
100 1 _aБрюсов, Валерий Яковлевич
_eпърви автор
_943596
139 _aБрюсов, Валерий Яковлевич
_bБ 83
245 1 0 _aОгненият ангел
_bПовест в 16 гл.
_cВалерий Яковлевич Брюсов; с предг. от Иван Димитров Пауновски; прев. от рус. Донка Петкова Данчева.
257 _aSUN
260 _bНар. култура
_c1981
_fВарна : Ст. Добрев-Странджата
_aСофия
300 _a371 с.
_c21 см
380 _aX
490 _aБиблиотека Избрани романи
_v№ 6
_9201228
500 _aОриг. загл. Огненый ангел. - 40 125 тир.
700 1 _aПауновски, Иван Димитров
_eс предг. от
_9367499
700 1 _aДанчева, Донка Петкова
_eпрев. от рус.
_9378928
852 _aЦб 111075
856 4 _qpdf
_i0.00
_ldisable
856 4 _qpdf
_i0.00
_ldisable
942 _cKNG
_n0
_s1
944 _aCR
_c08.04.2014
_l08.04.2014 - от С1,Р / 08.04.2014
_kСамет_Онур
944 _aED
_c08.04.2014
_l08.04.2014 - от С1,Р / 08.04.2014
999 _d152872